00325nam a2200121Ia 4500008004100000041000800041082001700049100002200066245004500088260002900133300003400162365000700196240624s9999 xx 000 0 und d aeng a336.2424 SIN aSINGHANIA VINOD K aDEDUCTION OF TAX AT SOURCE ADVANCE TAX A c2005aNew DelhibTaxmann alxviii, : 830 : p. : cm. ; 25 cRS